[Event "Scarborough CC Howard Ridout U1800"]
[Site "Toronto CAN"]
[Date "2011.09.08"]
[Round "1"]
[White "Malyuzhinets, Dmitry"]
[Black "Vojnov, Miomir"]
[Result "0-1"]
[WhiteElo "1295"]
[BlackElo "1633"]
[PlyCount "74"]
[GameId "2160767909648635"]
[EventDate "2011.09.08"]
[EventType "swiss"]
[EventRounds "6"]
[EventCountry "CAN"]
[SourceTitle "EXT 2022"]
[Source "ChessBase"]
[SourceDate "2021.10.06"]
[SourceVersion "1"]
[SourceVersionDate "2021.10.06"]
[SourceQuality "1"]

1. e4 e5 2. Nf3 Nf6 3. b3 Nc6 4. Bb2 d6 5. h3 Nxe4 6. d3 Ng5 7. Nbd2 Be7 8. Qe2 Nb4 9. Ne4 Ne6 10. Bc3 Nf4 11. Qd2 Nbd5 12. O-O-O O-O 13. g3 Ng6 14. Kb1 a6 15. h4 b5 16. h5 Ngf4 17. gxf4 exf4 18. Rg1 g6 19. h6 f6 20. Bb2 b4 21. Nd4 Qd7 22. f3 c5 23. Ne2 Ne3 24. Rc1 d5 25. Nf2 Qd6 26. Bh3 Bb7 27. Nxf4 Qxf4 28. Be6+ Kh8 29. Rce1 d4 30. Re2 Bxf3 31. Ree1 Qxh6 32. Rg3 Qf4 33. Reg1 Bh5 34. Nh3 Qd6 35. Bg4 Bxg4 36. Rxg4 Nxg4 37. Rxg4 a5 0-1

[Event "Scarborough CC Howard Ridout U1800"]
[Site "Toronto CAN"]
[Date "2011.09.08"]
[Round "1"]
[White "Mesiti, Silvano"]
[Black "Liu, Peter"]
[Result "1-0"]
[WhiteElo "1667"]
[BlackElo "1298"]
[PlyCount "111"]
[GameId "2160767909648636"]
[EventDate "2011.09.08"]
[EventType "swiss"]
[EventRounds "6"]
[EventCountry "CAN"]
[SourceTitle "EXT 2022"]
[Source "ChessBase"]
[SourceDate "2021.10.06"]
[SourceVersion "1"]
[SourceVersionDate "2021.10.06"]
[SourceQuality "1"]

1. d4 Nf6 2. Nc3 g6 3. e4 d6 4. Nf3 Bg7 5. Bc4 O-O 6. O-O Bg4 7. Qd3 Nc6 8. d5 Nb4 9. Qe2 Bxf3 10. gxf3 Nh5 11. a3 Nf4 12. Qd2 Bh6 13. Kh1 Na6 14. Bxa6 bxa6 15. Ne2 g5 16. Nxf4 gxf4 17. Rg1+ Kh8 18. Qd4+ f6 19. Bd2 Qd7 20. Rg4 Rg8 21. Rag1 Rxg4 22. Rxg4 Rg8 23. h3 Rg5 24. Qxa7 Kg7 25. Qxa6 Kf7 26. Qf1 Rh5 27. Kh2 f5 28. Rg1 fxe4 29. fxe4 f3 30. Bxh6 Rxh6 31. Rg3 Rf6 32. Qd3 e5 33. Rxf3 Rxf3 34. Qxf3+ Kg6 35. Qg4+ Qxg4 36. hxg4 Kf7 37. a4 Ke7 38. Kg3 Kd7 39. Kh4 c6 40. Kg5 cxd5 41. exd5 Ke7 42. a5 Kd7 43. b4 e4 44. Kf5 e3 45. fxe3 Kd8 46. Kf6 Kd7 47. Kg7 Ke7 48. a6 Kd7 49. a7 Kc7 50. a8=Q h6 51. Qc6+ Kd8 52. Qb7 h5 53. gxh5 Ke8 54. h6 Kd8 55. h7 Ke8 56. h8=Q# 1-0

[Event "Scarborough CC Howard Ridout U1800"]
[Site "Toronto CAN"]
[Date "2011.09.08"]
[Round "1"]
[White "Paraparan, Varshini"]
[Black "Tismenko, Dennis"]
[Result "0-1"]
[WhiteElo "927"]
[BlackElo "1407"]
[PlyCount "94"]
[GameId "2160767909648638"]
[EventDate "2011.09.08"]
[EventType "swiss"]
[EventRounds "6"]
[EventCountry "CAN"]
[SourceTitle "EXT 2022"]
[Source "ChessBase"]
[SourceDate "2021.10.06"]
[SourceVersion "1"]
[SourceVersionDate "2021.10.06"]
[SourceQuality "1"]

1. e4 c5 2. Nf3 g6 3. c3 Bg7 4. d4 cxd4 5. cxd4 Nf6 6. e5 Nd5 7. Bc4 Nb6 8. Bb3 O-O 9. O-O d6 10. exd6 Qxd6 11. Nc3 Nc6 12. Be3 Bg4 13. d5 Ne5 14. Ne4 Qb4 15. Nc3 Nxf3+ 16. gxf3 Bh3 17. Re1 Bxc3 18. bxc3 Qxc3 19. Bd4 Qc7 20. Qd3 Qf4 21. Kh1 Bf5 22. Qc3 Rac8 23. Qe3 Qxe3 24. fxe3 Rc7 25. e4 Bh3 26. f4 Nd7 27. f5 Nb6 28. fxg6 hxg6 29. Rg1 Rfc8 30. d6 exd6 31. Rxg6+ Kf8 32. Rxd6 Rc1+ 33. Rxc1 Rxc1+ 34. Bg1 Ke7 35. Rd1 Rxd1 36. Bxd1 Nc8 37. Bf3 b6 38. Bg2 Be6 39. a3 a5 40. Bd4 b5 41. Bc3 a4 42. Bf1 Bc4 43. Kg1 Nd6 44. Bb4 Ke6 45. Bh3+ Ke5 46. Bxd6+ Kxd6 47. Kf2 b4 0-1

[Event "Scarborough CC Howard Ridout U1800"]
[Site "Toronto CAN"]
[Date "2011.09.08"]
[Round "1"]
[White "Patel, Saiyam"]
[Black "Liao, Jacky"]
[Result "0-1"]
[WhiteElo "886"]
[BlackElo "1327"]
[PlyCount "60"]
[GameId "2160767909648639"]
[EventDate "2011.09.08"]
[EventType "swiss"]
[EventRounds "6"]
[EventCountry "CAN"]
[SourceTitle "EXT 2022"]
[Source "ChessBase"]
[SourceDate "2021.10.06"]
[SourceVersion "1"]
[SourceVersionDate "2021.10.06"]
[SourceQuality "1"]

1. e3 e5 2. Bc4 d5 3. Bb3 a5 4. c4 dxc4 5. Bxc4 Nc6 6. Qf3 Nf6 7. g4 Bxg4 8. Qg2 e4 9. f3 exf3 10. Nxf3 Bxf3 11. Qxf3 Ne5 12. Qf5 Nxc4 13. Rg1 Qd5 14. Qf4 Bd6 15. Qf2 O-O-O 16. Rxg7 Qh1+ 17. Qf1 Qxf1+ 18. Kxf1 Bxh2 19. Rxf7 Rhf8 20. Rxh7 Nxh7+ 21. Ke2 Rf5 22. d3 Ne5 23. d4 Ng4 24. e4 Rf2+ 25. Kd1 Rxd4+ 26. Ke1 Rxe4+ 27. Kd1 Ne3+ 28. Ke1 Bg3 29. Nc3 Nc2+ 30. Kd1 Re1# 0-1

[Event "Scarborough CC Howard Ridout U1800"]
[Site "Toronto CAN"]
[Date "2011.09.08"]
[Round "1"]
[White "Pishdad, Hassan"]
[Black "Maister, Martin"]
[Result "0-1"]
[WhiteElo "1338"]
[BlackElo "1673"]
[PlyCount "108"]
[GameId "2160767909648640"]
[EventDate "2011.09.08"]
[EventType "swiss"]
[EventRounds "6"]
[EventCountry "CAN"]
[SourceTitle "EXT 2022"]
[Source "ChessBase"]
[SourceDate "2021.10.06"]
[SourceVersion "1"]
[SourceVersionDate "2021.10.06"]
[SourceQuality "1"]

1. d4 Nf6 2. c4 c5 3. e3 g6 4. Bd3 cxd4 5. exd4 Bg7 6. Nf3 O-O 7. O-O d5 8. cxd5 Nxd5 9. Nc3 Nc6 10. Be4 Ncb4 11. a3 Nxc3 12. bxc3 Nd5 13. Qb3 Nf6 14. Qc2 Nxe4 15. Qxe4 Qc7 16. Bb2 Re8 17. Rfe1 e6 18. Qd3 Bd7 19. Rac1 Bc6 20. Ne5 Red8 21. Qc4 Rac8 22. Qb3 b5 23. Re3 Bh6 24. Nxc6 Qxc6 25. Qd1 Bxe3 26. fxe3 Qe4 27. Qe2 a6 28. Rf1 Rd5 29. Rf4 Qb1+ 30. Rf1 Qa2 31. e4 Rd7 32. Rc1 Qc4 33. Qf3 a5 34. Qe3 Qb3 35. Qd2 Rdc7 36. h3 b4 37. Qc2 Qxc2 38. Rxc2 bxc3 39. Ba1 Rc4 40. Kf2 Rxd4 41. Rxc3 Rxc3 42. Bxc3 Ra4 43. Bb2 Rxe4 44. Kf3 f5 45. Bf6 a4 46. Be7 Kf7 47. Bd6 e5 48. g4 Ke6 49. Bf8 Rd4 50. gxf5+ gxf5 51. Bc5 Rd3+ 52. Kg2 Kd5 53. Bb4 f4 54. Bf8 e4 0-1

[Event "Scarborough CC Howard Ridout U1800"]
[Site "Toronto CAN"]
[Date "2011.09.08"]
[Round "1"]
[White "Pulogarajah, Kaarthic"]
[Black "Mendrinos, Ari"]
[Result "0-1"]
[WhiteElo "998"]
[BlackElo "1433"]
[PlyCount "98"]
[GameId "2160767909648641"]
[EventDate "2011.09.08"]
[EventType "swiss"]
[EventRounds "6"]
[EventCountry "CAN"]
[SourceTitle "EXT 2022"]
[Source "ChessBase"]
[SourceDate "2021.10.06"]
[SourceVersion "1"]
[SourceVersionDate "2021.10.06"]
[SourceQuality "1"]

1. e4 e6 2. d4 d5 3. Nc3 dxe4 4. Nxe4 Nf6 5. Nc3 Bb4 6. a3 Bxc3+ 7. bxc3 O-O 8. Nf3 Bd7 9. Bd3 Nc6 10. O-O Re8 11. Re1 Ne7 12. Bg5 Ng6 13. Ne5 h6 14. Nxd7 Qxd7 15. Bxf6 gxf6 16. Qg4 Kg7 17. Rab1 Rab8 18. Bb5 c6 19. Bd3 Re7 20. h4 e5 21. Qg3 h5 22. Be2 Rh8 23. Rbd1 Qf5 24. Bd3 Qf4 25. Re4 Qxg3 26. fxg3 f5 27. Ree1 e4 28. Be2 Rd8 29. Bxh5 Red7 30. Rf1 Rd5 31. Be2 b5 32. h5 Ne7 33. g4 R8d6 34. g5 a6 35. g4 fxg4 36. Bxg4 Rxg5 37. Rf4 Nd5 38. Rxe4 Nf6 39. Re5 Rxg4+ 40. Kh2 Rh4+ 41. Kg2 Rxh5 42. Rxh5 Nxh5 43. Kf2 Rf6+ 44. Ke3 Re6+ 45. Kf3 f5 46. d5 Rd6 47. dxc6 Rxd1 48. Ke2 Rd8 49. c7 Rc8 0-1

[Event "Scarborough CC Howard Ridout U1800"]
[Site "Toronto CAN"]
[Date "2011.09.08"]
[Round "1"]
[White "Raphael, Raymond"]
[Black "Azizi, Hamid"]
[Result "0-1"]
[WhiteElo "1715"]
[BlackElo "1369"]
[PlyCount "66"]
[GameId "2160767909648642"]
[EventDate "2011.09.08"]
[EventType "swiss"]
[EventRounds "6"]
[EventCountry "CAN"]
[SourceTitle "EXT 2022"]
[Source "ChessBase"]
[SourceDate "2021.10.06"]
[SourceVersion "1"]
[SourceVersionDate "2021.10.06"]
[SourceQuality "1"]

1. e4 d6 2. d4 a6 3. Nf3 Bg4 4. Be3 Nf6 5. Nbd2 Nbd7 6. c3 d5 7. Qc2 dxe4 8. Nxe4 Nd5 9. h3 Bh5 10. Bd3 Bxf3 11. gxf3 e5 12. Bc4 N7b6 13. Bb3 f5 14. Nc5 Bxc5 15. dxc5 Nxe3 16. fxe3 Qh4+ 17. Qf2 Qxf2+ 18. Kxf2 Nd7 19. Bc2 e4 20. fxe4 fxe4 21. Bxe4 O-O+ 22. Ke2 Nxc5 23. Bd5+ Kh8 24. b3 c6 25. Bg2 Rae8 26. Rhf1 Ne6 27. Rxf8+ Nxf8 28. Rf1 Kg8 29. Rd1 Ng6 30. Bf3 Nf4+ 31. Kf2 Nxh3+ 32. Kg3 Ng5 33. Kf2 Rf8 0-1

[Event "Scarborough CC Howard Ridout U1800"]
[Site "Toronto CAN"]
[Date "2011.09.08"]
[Round "1"]
[White "Smith, Maurice"]
[Black "Frias, Evnato"]
[Result "1-0"]
[WhiteElo "1535"]
[BlackElo "1125"]
[PlyCount "101"]
[GameId "2160767909648643"]
[EventDate "2011.09.08"]
[EventType "swiss"]
[EventRounds "6"]
[EventCountry "CAN"]
[SourceTitle "EXT 2022"]
[Source "ChessBase"]
[SourceDate "2021.10.06"]
[SourceVersion "1"]
[SourceVersionDate "2021.10.06"]
[SourceQuality "1"]

1. d4 d5 2. c4 e6 3. Nc3 Nf6 4. Bg5 h6 5. Bh4 Be7 6. Nf3 Ne4 7. Bxe7 Qxe7 8. Nxe4 dxe4 9. Nd2 Qb4 10. Qc2 Nc6 11. e3 f5 12. Be2 O-O 13. O-O b6 14. Rfd1 Qe7 15. a3 Nd8 16. Rac1 c5 17. Nb3 Bb7 18. dxc5 bxc5 19. Rd2 f4 20. Na5 f3 21. Bf1 Nc6 22. Nxb7 Qh4 23. g3 Qg4 24. Nxc5 Rad8 25. Rcd1 Rxd2 26. Rxd2 Na5 27. b4 Nc6 28. Qxe4 Qxe4 29. Nxe4 Ne5 30. Rd6 Re8 31. Nc5 Kf7 32. Rd4 g5 33. Re4 Kf6 34. Bh3 Rd8 35. Rd4 Rxd4 36. exd4 Nxc4 37. a4 e5 38. Nd7+ Ke7 39. Nxe5 Nb6 40. a5 Nd5 41. Nc6+ Kd6 42. Nxa7 Nxb4 43. Bg4 Kd5 44. Bxf3+ Kxd4 45. Nc6+ Nxc6 46. Bxc6 Kc5 47. Be8 Kd6 48. a6 Kc7 49. Bb5 Kb6 50. f4 gxf4 51. gxf4 1-0

[Event "Scarborough CC Howard Ridout U1800"]
[Site "Toronto CAN"]
[Date "2011.09.08"]
[Round "1"]
[White "Stroempl, Hedi"]
[Black "Guo, Tan"]
[Result "0-1"]
[WhiteElo "1079"]
[BlackElo "1547"]
[PlyCount "92"]
[GameId "2160767909648644"]
[EventDate "2011.09.08"]
[EventType "swiss"]
[EventRounds "6"]
[EventCountry "CAN"]
[SourceTitle "EXT 2022"]
[Source "ChessBase"]
[SourceDate "2021.10.06"]
[SourceVersion "1"]
[SourceVersionDate "2021.10.06"]
[SourceQuality "1"]

1. e4 d6 2. Nf3 Nf6 3. Nc3 g6 4. d3 Bg7 5. Qd2 O-O 6. h3 Nc6 7. b3 Be6 8. Be2 d5 9. e5 Nd7 10. d4 h6 11. O-O Nb6 12. Ba3 a5 13. Rab1 Nb4 14. Rb2 Nd7 15. Nd1 c5 16. c3 Nc6 17. Bb5 Qc7 18. Re1 b6 19. Rc2 Bf5 20. Rc1 Be4 21. Re3 Na7 22. Bd3 Bxd3 23. Qxd3 e6 24. Bb2 Rac8 25. a4 Qb7 26. Ba1 cxd4 27. Qxd4 Nc6 28. Qf4 Qb8 29. c4 g5 30. Qh2 d4 31. Re4 Ndxe5 32. Qg3 Nxf3+ 33. Qxf3 e5 34. Nb2 Nb4 35. Nd3 Nxd3 36. Qxd3 Qd6 37. Rb1 Rcd8 38. Re2 Rfe8 39. Re4 f5 40. Re2 e4 41. Qd1 d3 42. Rd2 Bxa1 43. Rxa1 f4 44. Qg4 e3 45. Rb2 d2 46. Rbb1 e2 0-1

[Event "Scarborough CC Howard Ridout U1800"]
[Site "Toronto CAN"]
[Date "2011.09.08"]
[Round "1"]
[White "Tismenko, Tetyana"]
[Black "Maurer, Hans"]
[Result "1-0"]
[WhiteElo "1477"]
[BlackElo "1018"]
[PlyCount "95"]
[GameId "2160767909648645"]
[EventDate "2011.09.08"]
[EventType "swiss"]
[EventRounds "6"]
[EventCountry "CAN"]
[SourceTitle "EXT 2022"]
[Source "ChessBase"]
[SourceDate "2021.10.06"]
[SourceVersion "1"]
[SourceVersionDate "2021.10.06"]
[SourceQuality "1"]

1. e4 e5 2. Nf3 Nc6 3. Bb5 a6 4. Ba4 b5 5. Bb3 Nf6 6. d3 Bc5 7. O-O Bb7 8. c3 h6 9. Be3 Qe7 10. Nbd2 O-O-O 11. Bxc5 Qxc5 12. Bxf7 d5 13. exd5 Nxd5 14. Bxd5 Qxd5 15. Nb3 Qxd3 16. Qxd3 Rxd3 17. Nc5 Rd5 18. Nxb7 Kxb7 19. Rfe1 Re8 20. Rad1 Rxd1 21. Rxd1 e4 22. Re1 g5 23. Nd2 e3 24. fxe3 Ne5 25. Nf3 Nd3 26. Re2 Nxb2 27. Rxb2 Rxe3 28. Rc2 Re4 29. Kf2 c5 30. h3 Rf4 31. Ke3 Rf8 32. Nh2 h5 33. Rd2 Re8+ 34. Kf3 Kb6 35. Rd6+ Ka5 36. Rd5 c4 37. Rxg5 h4 38. Rg4 Kb6 39. Rxh4 a5 40. Re4 Rd8 41. Rd4 Rc8 42. Ng4 b4 43. cxb4 axb4 44. Ne5 c3 45. Rxb4+ Ka5 46. Rc4 Rxc4 47. Nxc4+ Kb4 48. Ne3 1-0

[Event "Scarborough CC Howard Ridout U1800"]
[Site "Toronto CAN"]
[Date "2011.09.08"]
[Round "1"]
[White "Verde, Pino"]
[Black "Zhao, Harry"]
[Result "1-0"]
[WhiteElo "1675"]
[BlackElo "1357"]
[PlyCount "63"]
[GameId "2160767909648646"]
[EventDate "2011.09.08"]
[EventType "swiss"]
[EventRounds "6"]
[EventCountry "CAN"]
[SourceTitle "EXT 2022"]
[Source "ChessBase"]
[SourceDate "2021.10.06"]
[SourceVersion "1"]
[SourceVersionDate "2021.10.06"]
[SourceQuality "1"]

1. e4 e6 2. d3 Bc5 3. Nf3 Nf6 4. d4 Bb6 5. Bg5 h6 6. Bh4 g5 7. e5 gxh4 8. exf6 Qxf6 9. c4 d6 10. Nc3 a6 11. Ne4 Qg6 12. Bd3 Qg7 13. Bc2 Ba5+ 14. Nc3 Qxg2 15. Rg1 Qh3 16. Qd3 Bxc3+ 17. bxc3 e5 18. O-O-O Bg4 19. Rxg4 Qxg4 20. dxe5 Qe6 21. Re1 Kf8 22. Nd4 Qd7 23. e6 Qe7 24. Qf3 c6 25. Nf5 Qg5+ 26. Kb1 Qf6 27. e7+ Ke8 28. Qg4 Nd7 29. Ng7+ Qxg7 30. Qxg7 Ne5 31. Qxh8+ Kxe7 32. Qxa8 1-0

[Event "Scarborough CC Howard Ridout U1800"]
[Site "Toronto CAN"]
[Date "2011.09.08"]
[Round "1"]
[White "Wang, Eric1"]
[Black "Dattani, Dinesh"]
[Result "1-0"]
[WhiteElo "1398"]
[BlackElo "1289"]
[PlyCount "85"]
[GameId "2160767909648647"]
[EventDate "2011.09.08"]
[EventType "swiss"]
[EventRounds "6"]
[EventCountry "CAN"]
[SourceTitle "EXT 2022"]
[Source "ChessBase"]
[SourceDate "2021.10.06"]
[SourceVersion "1"]
[SourceVersionDate "2021.10.06"]
[SourceQuality "1"]

1. d4 d5 2. c4 c6 3. Nc3 Nf6 4. Nf3 Nbd7 5. Qc2 e6 6. Bg5 Bb4 7. e3 Qa5 8. Bd3 dxc4 9. Bxc4 Ne4 10. Qxe4 Bxc3+ 11. Ke2 Bxb2 12. Rab1 Ba3 13. Bb3 O-O 14. Bc2 g6 15. h4 Qf5 16. Qxf5 exf5 17. Bf4 Nf6 18. Bg5 Nd5 19. Rb3 Bd6 20. h5 Re8 21. hxg6 fxg6 22. Bd3 b5 23. Rc1 Bd7 24. Nd2 Rac8 25. Rbb1 a6 26. Nb3 Nb4 27. Nc5 Nxd3 28. Kxd3 Bxc5 29. Rxc5 Kf7 30. Kc3 Be6 31. a3 Bd5 32. g3 Re4 33. Bf4 Kf6 34. Re1 g5 35. Be5+ Rxe5 36. dxe5+ Kxe5 37. Rd1 Rd8 38. Rxc6 Bxc6 39. Rxd8 Ke4 40. Kd2 Kf3 41. Ke1 Kg4 42. Rd6 Bd5 43. Rxd5 1-0

[Event "Scarborough CC Howard Ridout U1800"]
[Site "Toronto CAN"]
[Date "2011.09.08"]
[Round "1"]
[White "Warner, John"]
[Black "Aghamalian, Leonid"]
[Result "0-1"]
[WhiteElo "1074"]
[BlackElo "1496"]
[PlyCount "55"]
[GameId "2160767909648648"]
[EventDate "2011.09.08"]
[EventType "swiss"]
[EventRounds "6"]
[EventCountry "CAN"]
[SourceTitle "EXT 2022"]
[Source "ChessBase"]
[SourceDate "2021.10.06"]
[SourceVersion "1"]
[SourceVersionDate "2021.10.06"]
[SourceQuality "1"]

1. d4 d5 2. c4 e6 3. Nc3 Nf6 4. Bg5 Be7 5. cxd5 exd5 6. e3 O-O 7. Nf3 Bg4 8. Be2 c6 9. O-O Ne4 10. Bxe7 Qxe7 11. Nxe4 dxe4 12. Nd2 Bxe2 13. Qxe2 Nd7 14. a3 Nf6 15. h3 Rfd8 16. Nc4 c5 17. Rfd1 Rd5 18. dxc5 Qxc5 19. Rxd5 Qxd5 20. Rd1 Qb5 21. Qc2 Qc6 22. Rd6 Qc7 23. b3 b5 24. Rxf6 gxf6 25. Qxe4 Rd8 26. Qg4+ Kh8 27. Nb2 Qc1+ 28. Kh2 0-1

[Event "Scarborough CC Howard Ridout U1800"]
[Site "Toronto CAN"]
[Date "2011.09.08"]
[Round "1"]
[White "Zhao, Yanchun"]
[Black "Kurkowski, Ken"]
[Result "0-1"]
[WhiteElo "1194"]
[BlackElo "1601"]
[PlyCount "110"]
[GameId "2160767909648650"]
[EventDate "2011.09.08"]
[EventType "swiss"]
[EventRounds "6"]
[EventCountry "CAN"]
[SourceTitle "EXT 2022"]
[Source "ChessBase"]
[SourceDate "2021.10.06"]
[SourceVersion "1"]
[SourceVersionDate "2021.10.06"]
[SourceQuality "1"]

1. d4 d5 2. c4 e6 3. Nf3 Nf6 4. Bg5 Be7 5. Nc3 O-O 6. e3 h6 7. Bh4 b6 8. Bd3 Bb7 9. O-O Nbd7 10. Re1 c5 11. e4 dxe4 12. Nxe4 Nxe4 13. Bxe7 Qxe7 14. Bxe4 Bxe4 15. Rxe4 cxd4 16. Rxd4 Rfd8 17. b3 Nf6 18. h3 Rxd4 19. Qxd4 Rd8 20. Qe5 Qd6 21. Qe3 Qd3 22. Re1 Qxe3 23. Rxe3 Kf8 24. Kf1 Ke7 25. Ke2 Rd6 26. g4 g5 27. Ne5 Nd7 28. Nxd7 Rxd7 29. Re4 Rd6 30. f4 f6 31. fxg5 hxg5 32. a4 a5 33. Re3 Rd4 34. Kf3 Kd6 35. Kg3 e5 36. Kf3 Rf4+ 37. Ke2 e4 38. Kd2 Ke5 39. Ke2 Kd4 40. Rg3 Rf3 41. Rxf3 exf3+ 42. Kxf3 Kc3 43. Ke4 Kxb3 44. Kf5 Kxa4 45. Kxf6 Kb4 46. Kxg5 a4 47. h4 a3 48. h5 a2 49. h6 a1=Q 50. Kg6 Kxc4 51. h7 Qh8 52. g5 Kd5 53. Kh6 Ke6 54. g6 Kf6 55. Kh5 b5 0-1

[Event "Scarborough CC Howard Ridout U1800"]
[Site "Toronto CAN"]
[Date "2011.09.15"]
[Round "2"]
[White "Azizi, Hamid"]
[Black "Gillis, Doug"]
[Result "0-1"]
[WhiteElo "1369"]
[BlackElo "1594"]
[PlyCount "64"]
[GameId "2160767909648651"]
[EventDate "2011.09.08"]
[EventType "swiss"]
[EventRounds "6"]
[EventCountry "CAN"]
[SourceTitle "EXT 2022"]
[Source "ChessBase"]
[SourceDate "2021.10.06"]
[SourceVersion "1"]
[SourceVersionDate "2021.10.06"]
[SourceQuality "1"]

1. f4 d5 2. b3 Bg4 3. Bb2 Nd7 4. g3 Ngf6 5. Bg2 e6 6. Nf3 Bd6 7. O-O O-O 8. Nc3 c6 9. d3 Qe7 10. Qc1 Bxf3 11. Bxf3 e5 12. e3 Rfe8 13. f5 d4 14. Nd1 dxe3 15. Nxe3 Bc5 16. Kg2 Nb6 17. c4 Rad8 18. Rd1 Qd7 19. Be4 Nc8 20. Ba3 Bxa3 21. Qxa3 Qd4 22. Nc2 Qc3 23. Rac1 Nxe4 24. Ne3 Qd4 25. dxe4 Qxe4+ 26. Kf2 Rd4 27. g4 Red8 28. h3 Rd2+ 29. Rxd2 Rxd2+ 30. Kg3 Qxe3+ 31. Kh4 Rd3 32. Rh1 Qh6# 0-1

[Event "Scarborough CC Howard Ridout U1800"]
[Site "Toronto CAN"]
[Date "2011.09.15"]
[Round "2"]
[White "Bellomo, Joe"]
[Black "Lin, Benjamin1"]
[Result "1-0"]
[WhiteElo "1607"]
[BlackElo "1166"]
[PlyCount "51"]
[GameId "2160767909648652"]
[EventDate "2011.09.08"]
[EventType "swiss"]
[EventRounds "6"]
[EventCountry "CAN"]
[SourceTitle "EXT 2022"]
[Source "ChessBase"]
[SourceDate "2021.10.06"]
[SourceVersion "1"]
[SourceVersionDate "2021.10.06"]
[SourceQuality "1"]

1. e4 c5 2. Nf3 Nc6 3. d4 cxd4 4. Nxd4 e5 5. Nf3 Bc5 6. Nc3 h6 7. Bc4 Nf6 8. O-O O-O 9. a3 a5 10. Bd2 d6 11. Qe1 Bg4 12. Be2 Nd7 13. h3 Be6 14. Nd5 Bxd5 15. exd5 Nd4 16. Nxd4 Bxd4 17. c3 Bb6 18. Bf3 f5 19. b4 axb4 20. cxb4 Nf6 21. Bc3 e4 22. Bd1 Nxd5 23. Bb3 Kh8 24. Bxd5 Rb8 25. Qc1 Rc8 26. Qxh6# 1-0

[Event "Scarborough CC Howard Ridout U1800"]
[Site "Toronto CAN"]
[Date "2011.09.15"]
[Round "2"]
[White "Chen, George"]
[Black "Patel, Saiyam"]
[Result "1-0"]
[WhiteElo "1227"]
[BlackElo "886"]
[PlyCount "41"]
[GameId "2160767909648653"]
[EventDate "2011.09.08"]
[EventType "swiss"]
[EventRounds "6"]
[EventCountry "CAN"]
[SourceTitle "EXT 2022"]
[Source "ChessBase"]
[SourceDate "2021.10.06"]
[SourceVersion "1"]
[SourceVersionDate "2021.10.06"]
[SourceQuality "1"]

1. d4 e5 2. dxe5 Bc5 3. Nf3 Nc6 4. Bg5 f6 5. exf6 gxf6 6. Bd2 f5 7. Bc3 Nf6 8. e3 b5 9. Bxb5 a6 10. Bxc6 dxc6 11. Qxd8+ Kxd8 12. Bxf6+ Kd7 13. Bxh8 Bb7 14. Bc3 a5 15. Nbd2 Ba6 16. Bxa5 Bb7 17. Bc3 Ke8 18. O-O-O Rd8 19. Kb1 Be7 20. Nb3 c5 21. Nxc5 1-0

[Event "Scarborough CC Howard Ridout U1800"]
[Site "Toronto CAN"]
[Date "2011.09.15"]
[Round "2"]
[White "Dattani, Dinesh"]
[Black "Paraparan, Varshini"]
[Result "0-1"]
[WhiteElo "1289"]
[BlackElo "927"]
[PlyCount "60"]
[GameId "2160767909648654"]
[EventDate "2011.09.08"]
[EventType "swiss"]
[EventRounds "6"]
[EventCountry "CAN"]
[SourceTitle "EXT 2022"]
[Source "ChessBase"]
[SourceDate "2021.10.06"]
[SourceVersion "1"]
[SourceVersionDate "2021.10.06"]
[SourceQuality "1"]

1. e4 e5 2. Nf3 Nc6 3. d4 exd4 4. Nxd4 Qe7 5. Nc3 d5 6. Qd3 dxe4 7. Qe3 Nxd4 8. Qxd4 Nf6 9. Be3 Bd7 10. O-O-O Qb4 11. Qe5+ Kd8 12. Nb5 Qa5 13. Bf4 c6 14. Qc7+ Qxc7 15. Nxc7 Rc8 16. Bc4 Rxc7 17. Bxc7+ Kxc7 18. Bxf7 Bc5 19. Rd2 e3 20. Re2 exf2 21. Re5 Rf8 22. Bc4 b5 23. Be2 Bd6 24. Re3 Bf4 25. Kd2 Bxe3+ 26. Kxe3 Nd5+ 27. Kd2 Nf4 28. Bf3 Nh3 29. Ke2 Ng1+ 30. Kf1 Nxf3 0-1

[Event "Scarborough CC Howard Ridout U1800"]
[Site "Toronto CAN"]
[Date "2011.09.15"]
[Round "2"]
[White "Deng, Yi"]
[Black "Veecock, Carl"]
[Result "0-1"]
[WhiteElo "938"]
[BlackElo "1323"]
[PlyCount "120"]
[GameId "2160767909648655"]
[EventDate "2011.09.08"]
[EventType "swiss"]
[EventRounds "6"]
[EventCountry "CAN"]
[SourceTitle "EXT 2022"]
[Source "ChessBase"]
[SourceDate "2021.10.06"]
[SourceVersion "1"]
[SourceVersionDate "2021.10.06"]
[SourceQuality "1"]

1. e4 c6 2. d4 d5 3. e5 e6 4. c4 Bb4+ 5. Bd2 Bxd2+ 6. Qxd2 Ne7 7. cxd5 Nxd5 8. Bc4 O-O 9. Bxd5 Qxd5 10. Nf3 Qe4+ 11. Qe3 Qxe3+ 12. fxe3 Nd7 13. O-O Nb6 14. Nc3 Nc4 15. Nd1 b6 16. b4 Na3 17. Rc1 Bb7 18. Nc3 b5 19. Rf2 Nc4 20. Nd1 a5 21. bxa5 Rxa5 22. Ne1 Rfa8 23. Nc3 Nxe3 24. Nd3 Rd8 25. Re1 Nd5 26. Nc5 Ba8 27. N3e4 Ra7 28. Nd6 b4 29. Ref1 Rf8 30. Nce4 Ne3 31. Re1 Nf5 32. Nxf5 exf5 33. Rxf5 Rxa2 34. Nc5 Ra7 35. Ref1 Re7 36. e6 f6 37. Rb1 Rb8 38. Nd7 Rb7 39. Nc5 Rb5 40. Rf3 Bb7 41. Rfb3 Bc8 42. Rxb4 Bxe6 43. Rxb5 cxb5 44. Rxb5 Bc4 45. Rb8+ Kf7 46. Rb4 Bd5 47. Rb5 Re1+ 48. Kf2 Re7 49. Nd3 Bc4 50. Rh5 Bxd3 51. d5 Bg6 52. Rh4 Re4 53. Rxe4 Bxe4 54. d6 Bc6 55. Ke3 Ke6 56. Kf4 Kxd6 57. h4 Bxg2 58. Kg3 Be4 59. Kf4 Kd5 60. Kg4 Ke5 0-1

[Event "Scarborough CC Howard Ridout U1800"]
[Site "Toronto CAN"]
[Date "2011.09.15"]
[Round "2"]
[White "Graham, John"]
[Black "Aghamalian, Derick"]
[Result "1/2-1/2"]
[WhiteElo "1370"]
[BlackElo "1604"]
[PlyCount "98"]
[GameId "2160767909648656"]
[EventDate "2011.09.08"]
[EventType "swiss"]
[EventRounds "6"]
[EventCountry "CAN"]
[SourceTitle "EXT 2022"]
[Source "ChessBase"]
[SourceDate "2021.10.06"]
[SourceVersion "1"]
[SourceVersionDate "2021.10.06"]
[SourceQuality "1"]

1. e4 e6 2. d4 d5 3. e5 c5 4. c3 Nc6 5. Nf3 Qb6 6. Qb3 Qxb3 7. axb3 cxd4 8. cxd4 Bb4+ 9. Bd2 Bxd2+ 10. Nbxd2 Nge7 11. Bb5 Bd7 12. O-O O-O 13. Rfd1 a6 14. Be2 Nf5 15. Nb1 Rac8 16. Nc3 f6 17. Na4 fxe5 18. dxe5 Nfe7 19. Nc5 Rc7 20. Ng5 Nd8 21. Nxd7 Rxd7 22. Bg4 Nf5 23. Rac1 h6 24. Ne4 Re7 25. Ng3 Nxg3 26. hxg3 g6 27. Rc8 Nf7 28. Rxf8+ Kxf8 29. f4 h5 30. Bh3 Nd8 31. Rc1 Nc6 32. Kf2 Kf7 33. g4 hxg4 34. Bxg4 Nd4 35. Rc3 Nb5 36. Rh3 Kg7 37. Rg3 Kf7 38. Rh3 Nd4 39. Rh7+ Ke8 40. Rh3 Rc7 41. Rh8+ Ke7 42. Rh7+ Kd8 43. Rxc7 Kxc7 44. Ke3 Nf5+ 45. Kd3 Kc6 46. Bh3 Kc5 47. g4 Ne7 48. g5 Nf5 49. Bxf5 exf5 1/2-1/2